00457 2200169 4500001002100000008004100021035002000062245006200082100002000144260002800164300002600192020002200218084001400240082000800254650001000262990001500272INLIS000000000003282 ind  a0010-1225000103 aHana : Jangan Biarkan Mereka Lihat LukamucYudiati Kuniko aKuniko, Yudiati aJakartabGrasindoc2025 a260 hlmc13,5 x 20 cm a978-602-05-3135-9 a813 YUD j a813 aFiksi a19757/B/26